000 00626nam a2200205Ia 4500
999 _c41213
_d41213
001 7865
003 GE_BSU
005 20190724142155.0
008 181216s2012||||en |||||||||||||| ||eng||
020 _a9781408237083
080 _a811.111-8+338.22 R-71
100 _aRogers,John
_93301
245 _aPre-itermediate MARKET LEADER :
_bBusiness English Practice file /
_cJohn Rogers.
264 _aEngland,
_c2012.
300 _a96 p .:
_c29cm.
_e+CD
653 _aBusiness English Practice file
653 _aPre-itermediate MARKET LEADER
653 _aბიზნეს ინგლისური
942 _cBK
_2udc